[Event "Mittelrhein Verbandsliga-N 18/19"]
[Site "Nordrheinwestfalen"]
[Date "2019.04.07"]
[Round "9.5"]
[White "Weber, Michael"]
[Black "Kemper, Horst"]
[Result "1/2-1/2"]
[WhiteElo "1721"]
[BlackElo "1737"]
[PlyCount "40"]
[EventDate "2018.09.02"]
[EventType "team-tourn"]
[EventRounds "12"]
[EventCountry "GER"]
[SourceTitle "EXT 2022"]
[Source "ChessBase"]
[SourceDate "2021.10.06"]
[SourceVersion "1"]
[SourceVersionDate "2021.10.06"]
[SourceQuality "1"]
[WhiteTeam "Koeln Worringen"]
[BlackTeam "Dormagen SV"]
[WhiteTeamCountry "GER"]
[BlackTeamCountry "GER"]

1. d4 Nf6 2. c4 e6 3. Nc3 Bb4 4. e3 c5 5. Bd2 0-0 6. Nf3 Nc6 7. Bd3 d5 8. a3 dxc4 9. Bxc4 Bxc3 10. Bxc3 cxd4 11. Nxd4 Nxd4 12. Bxd4 b6 13. 0-0 Bb7 14. Qe2 Ne4 15. Rfd1 Qg5 16. f3 Nf6 17. e4 Rfd8 18. Be3 Qg6 19. Rxd8+ Rxd8 20. Rd1 Rc8 1/2-1/2

[Event "Mittelrhein Verbandsliga-N 18/19"]
[Site "Nordrheinwestfalen"]
[Date "2018.11.18"]
[Round "4.5"]
[White "Gelsok, Philipp"]
[Black "Kemper, Horst"]
[Result "1-0"]
[WhiteElo "1946"]
[BlackElo "1737"]
[PlyCount "77"]
[EventDate "2018.09.02"]
[EventType "team-tourn"]
[EventRounds "12"]
[EventCountry "GER"]
[SourceTitle "EXT 2022"]
[Source "ChessBase"]
[SourceDate "2021.10.06"]
[SourceVersion "1"]
[SourceVersionDate "2021.10.06"]
[SourceQuality "1"]
[WhiteTeam "Bergische SF"]
[BlackTeam "Dormagen SV"]
[WhiteTeamCountry "GER"]
[BlackTeamCountry "GER"]

1. e4 c5 2. Nf3 Nc6 3. d4 cxd4 4. Nxd4 d6 5. Nc3 g6 6. Be3 Bg7 7. Qd2 h5 8. 0-0-0 a6 9. Bc4 Nf6 10. f3 Na5 11. Be2 b5 12. Rhe1 Bb7 13. Kb1 Rc8 14. e5 dxe5 15. Ne6 fxe6 16. Qxd8+ Rxd8 17. Rxd8+ Kxd8 18. Bb6+ Ke8 19. Bxa5 Kf7 20. Bd3 Rc8 21. a4 bxa4 22. Nxa4 e4 23. fxe4 Nd7 24. Nb6 Nxb6 25. Bxb6 Be5 26. h3 g5 27. Be2 Kg6 28. Bf3 Bc6 29. Ba5 Rb8 30. b3 h4 31. Re3 Bd4 32. Rd3 e5 33. Ka2 Bb5 34. c4 Bc6 35. Kb1 Rf8 36. Bc3 Rd8 37. Kc2 Kf6 38. Bxd4 Bxe4 39. Bxe5+ 1-0

[Event "Mittelrhein Verbandsliga-N 18/19"]
[Site "Nordrheinwestfalen"]
[Date "2018.10.28"]
[Round "3.6"]
[White "Gerdau, Andreas"]
[Black "Kemper, Horst"]
[Result "1/2-1/2"]
[WhiteElo "1899"]
[BlackElo "1737"]
[PlyCount "132"]
[EventDate "2018.09.02"]
[EventType "team-tourn"]
[EventRounds "12"]
[EventCountry "GER"]
[SourceTitle "EXT 2022"]
[Source "ChessBase"]
[SourceDate "2021.10.06"]
[SourceVersion "1"]
[SourceVersionDate "2021.10.06"]
[SourceQuality "1"]
[WhiteTeam "Kalker/Deutzer SG"]
[BlackTeam "Dormagen SV"]
[WhiteTeamCountry "GER"]
[BlackTeamCountry "GER"]

1. e4 c5 2. c3 Nc6 3. Nf3 g6 4. d4 cxd4 5. cxd4 Bg7 6. Nc3 d6 7. h3 Nf6 8. Bd3 0-0 9. 0-0 Nd7 10. Be3 a6 11. Rc1 e5 12. Ne2 h6 13. Qd2 Kh7 14. d5 Ne7 15. Nh2 Nf6 16. f4 Nh5 17. f5 Ng8 18. Ng4 g5 19. Qb4 Nf4 20. Nxf4 gxf4 21. Bb6 Qg5 22. Nh2 Nf6 23. Nf3 Qh5 24. Qe1 Ne8 25. Be2 Bf6 26. Nxe5 Qg5 27. Nf3 Qg7 28. Bd3 Rg8 29. Qf2 Bd7 30. Rc2 Bb5 31. Rd1 Bxd3 32. Rxd3 Be5 33. Nxe5 Qxe5 34. Qd4 Qe7 35. Rdc3 Qg5 36. Qf2 Nf6 37. Re2 Rac8 38. Bd4 Nh5 39. Rec2 Rxc3 40. Rxc3 Ng3 41. Rc7 Rf8 42. Qf3 Kg8 43. Bc3 Re8 44. Rxb7 f6 45. Rb4 h5 46. Rc4 Re7 47. Rc8+ Kf7 48. Rc4 Kg7 49. Bd2 Kf7 50. Bb4 Re8 51. Rc7+ Kg8 52. Rc4 Kg7 53. Be1 Nxf5 54. exf5 Rxe1+ 55. Kh2 Re5 56. Qxf4 Rxd5 57. Qxg5+ fxg5 58. Rc2 Kf6 59. g4 Rd4 60. Kg3 Rd3+ 61. Kg2 Rd4 62. Kf3 Rd3+ 63. Ke4 Rxh3 64. gxh5 Rxh5 65. Rf2 g4 66. Rg2 d5+ 1/2-1/2

[Event "Mittelrhein Verbandsliga-N 17/18"]
[Site "Nordrheinwestfalen"]
[Date "2018.05.06"]
[Round "11.6"]
[White "Kemper, Horst"]
[Black "Dizdarevic, Alen"]
[Result "1/2-1/2"]
[WhiteElo "1768"]
[BlackElo "1844"]
[PlyCount "24"]
[EventDate "2017.09.10"]
[EventType "team-swiss"]
[EventRounds "11"]
[EventCountry "GER"]
[SourceTitle "EXT 2022"]
[Source "ChessBase"]
[SourceDate "2021.10.06"]
[SourceVersion "1"]
[SourceVersionDate "2021.10.06"]
[SourceQuality "1"]
[WhiteTeam "Dormagen SV"]
[BlackTeam "Rheinpark BSG"]
[WhiteTeamCountry "GER"]
[BlackTeamCountry "GER"]

1. e4 c5 2. Nc3 g6 3. f4 Bg7 4. Nf3 Nc6 5. Bb5 d6 6. Bxc6+ bxc6 7. d3 Rb8 8. 0-0 Nf6 9. Qe1 0-0 10. Qh4 e6 11. f5 Qb6 12. Bg5 Nd7 1/2-1/2

[Event "Mittelrhein Verbandsliga-N 17/18"]
[Site "Nordrheinwestfalen"]
[Date "2017.10.01"]
[Round "2.6"]
[White "Kemper, Horst"]
[Black "Brungs, Sven"]
[Result "1/2-1/2"]
[WhiteElo "1768"]
[BlackElo "1762"]
[PlyCount "69"]
[EventDate "2017.09.10"]
[EventType "team-swiss"]
[EventRounds "11"]
[EventCountry "GER"]
[SourceTitle "EXT 2022"]
[Source "ChessBase"]
[SourceDate "2021.10.06"]
[SourceVersion "1"]
[SourceVersionDate "2021.10.06"]
[SourceQuality "1"]
[WhiteTeam "Dormagen SV"]
[BlackTeam "Porz SG IV"]
[WhiteTeamCountry "GER"]
[BlackTeamCountry "GER"]

1. e4 c6 2. Nc3 d5 3. exd5 cxd5 4. Bb5+ Bd7 5. Qe2 Nf6 6. Nf3 e6 7. 0-0 Be7 8. d4 a6 9. Bxd7+ Nbxd7 10. Nd1 0-0 11. Bf4 b5 12. a3 Qb6 13. c3 Bd6 14. Bxd6 Qxd6 15. Ne3 Rfc8 16. g3 Qb6 17. Nd2 a5 18. Nc2 Nb8 19. Ra2 Nc6 20. Rfa1 Ra7 21. Qd3 Ne8 22. b3 Nd6 23. c4 bxc4 24. bxc4 dxc4 25. Nxc4 Nxc4 26. Qxc4 Ne7 27. Qa4 Rb7 28. Ne3 Qb5 29. Qd1 Qb3 30. Rd2 Nd5 31. Rc1 Rxc1 32. Qxc1 g6 33. Nxd5 Qxd5 34. Rb2 Rxb2 35. Qxb2 1/2-1/2

[Event "Mittelrhein Verbandsliga-N 17/18"]
[Site "Nordrheinwestfalen"]
[Date "2017.09.10"]
[Round "1.5"]
[White "Kemper, Horst"]
[Black "Kocur, Beata"]
[Result "0-1"]
[WhiteElo "1768"]
[BlackElo "1759"]
[PlyCount "88"]
[EventDate "2017.09.10"]
[EventType "team-swiss"]
[EventRounds "11"]
[EventCountry "GER"]
[SourceTitle "EXT 2022"]
[Source "ChessBase"]
[SourceDate "2021.10.06"]
[SourceVersion "1"]
[SourceVersionDate "2021.10.06"]
[SourceQuality "1"]
[WhiteTeam "Dormagen SV"]
[BlackTeam "Hitdorf SV Springer"]
[WhiteTeamCountry "GER"]
[BlackTeamCountry "GER"]

1. e4 c5 2. Nc3 Nc6 3. f4 d6 4. Nf3 Bg4 5. Bb5 e6 6. Bxc6+ bxc6 7. 0-0 Be7 8. Qe1 Bxf3 9. Rxf3 Bf6 10. e5 dxe5 11. fxe5 Qd4+ 12. Kh1 Qxe5 13. Qf1 Qc7 14. d3 Be5 15. Be3 Rb8 16. Na4 Nf6 17. Bf4 Bxf4 18. Rxf4 Rb4 19. Rxb4 cxb4 20. Qf3 0-0 21. Nc5 Qe5 22. Qxc6 Qxb2 23. Nb3 Nd5 24. Qc5 h6 25. a4 bxa3 26. Qxa3 Qxc2 27. Nd4 Qc3 28. Qxa7 Qxd3 29. Nf3 Qc3 30. Rf1 Qe3 31. Qa1 Nf6 32. Re1 Qf4 33. Ne5 Rd8 34. Qa5 Qd2 35. Qa1 Qd4 36. Qa5 Rc8 37. Nc6 Qd7 38. Ne5 Qb7 39. Rd1 Nd5 40. Qe1 Rc2 41. Qe4 Qc7 42. Rf1 Rc1 43. Re1 Rxe1+ 44. Qxe1 Qc3 0-1

[Event "Mittelrhein Regionalliga 16/17"]
[Site "Nordrheinwestfalen"]
[Date "2016.10.23"]
[Round "3.7"]
[White "Diesner, Michael"]
[Black "Kemper, Horst"]
[Result "1-0"]
[WhiteElo "2075"]
[BlackElo "1777"]
[PlyCount "53"]
[EventDate "2016.09.11"]
[EventType "team-tourn"]
[EventRounds "11"]
[EventCountry "GER"]
[SourceTitle "EXT 2022"]
[Source "ChessBase"]
[SourceDate "2021.10.06"]
[SourceVersion "1"]
[SourceVersionDate "2021.10.06"]
[SourceQuality "1"]
[WhiteTeam "Koeln Lasker"]
[BlackTeam "Dormagen SV"]
[WhiteTeamCountry "GER"]
[BlackTeamCountry "GER"]

1. Nf3 c5 2. c4 Nf6 3. d4 cxd4 4. Nxd4 Nc6 5. Nc3 g6 6. e4 Bg7 7. Be3 d6 8. Be2 0-0 9. 0-0 Nxd4 10. Bxd4 b6 11. f3 Bb7 12. Qd2 Bc6 13. Rac1 Qd7 14. Rfd1 Rfd8 15. Bf1 h5 16. Be3 Kh7 17. Rc2 Rab8 18. Qf2 Qe6 19. Nd5 Nd7 20. h3 Nc5 21. g4 Bxd5 22. Rxd5 hxg4 23. Qh4+ Kg8 24. hxg4 Qf6 25. Qh3 Ne6 26. g5 Nf4 27. Qh4 1-0

[Event "Mittelrhein Verbandsliga-M 15/16"]
[Site "Nordrheinwestfalen"]
[Date "2016.01.31"]
[Round "7.8"]
[White "Fessel, Juergen"]
[Black "Kemper, Horst"]
[Result "0-1"]
[WhiteElo "1503"]
[BlackElo "1766"]
[PlyCount "80"]
[EventDate "2015.09.06"]
[EventType "team-tourn"]
[EventRounds "11"]
[EventCountry "GER"]
[SourceTitle "EXT 2022"]
[Source "ChessBase"]
[SourceDate "2021.10.06"]
[SourceVersion "1"]
[SourceVersionDate "2021.10.06"]
[SourceQuality "1"]
[WhiteTeam "Kalker/Deutzer SG"]
[BlackTeam "Dormagen SV"]
[WhiteTeamCountry "GER"]
[BlackTeamCountry "GER"]

1. c4 c5 2. Nf3 Nc6 3. Nc3 g6 4. d4 cxd4 5. Nxd4 Bg7 6. e3 Nf6 7. Be2 0-0 8. 0-0 d6 9. b3 Bd7 10. Bb2 a6 11. a3 Rb8 12. Bf3 Nxd4 13. exd4 e6 14. Re1 b5 15. c5 Qc7 16. b4 Bc6 17. d5 exd5 18. Nxd5 Nxd5 19. Bxg7 Kxg7 20. Bxd5 dxc5 21. Qf3 Bxd5 22. Qxd5 c4 23. Qd4+ Kg8 24. Re3 Rbd8 25. Qc3 Rfe8 26. Rc1 Rxe3 27. Qxe3 Qd6 28. g3 Qd2 29. Re1 Qxe3 30. Rxe3 Kg7 31. Kf1 g5 32. h3 h5 33. Ke2 Rd6 34. Kf1 Kg6 35. f3 Kf5 36. Kf2 Rd2+ 37. Kg1 g4 38. fxg4+ hxg4 39. h4 Rb2 40. Re1 Rb3 0-1

[Event "Cologne Longerich op-A 12th"]
[Site "Cologne"]
[Date "2015.08.02"]
[Round "2"]
[White "Karwatzki, Hans Juergen"]
[Black "Kemper, Horst"]
[Result "0-1"]
[WhiteElo "1689"]
[BlackElo "1782"]
[PlyCount "84"]
[EventDate "2015.07.31"]
[EventType "tourn"]
[EventRounds "5"]
[EventCountry "GER"]
[SourceTitle "EXT 2017"]
[Source "ChessBase"]
[SourceDate "2016.10.25"]
[SourceVersion "1"]
[SourceVersionDate "2016.10.25"]
[SourceQuality "1"]

1. e4 c5 2. Nc3 Nc6 3. f4 e6 4. Bb5 Nd4 5. Nf3 Nxb5 6. Nxb5 d5 7. e5 a6 8. Nc3 Nh6 9. 0-0 Be7 10. d3 b5 11. Qe1 Bb7 12. Kh1 b4 13. Nd1 d4 14. Nf2 Bh4 15. Qe2 Bxf2 16. Qxf2 Nf5 17. c3 0-0 18. cxb4 cxb4 19. Bd2 a5 20. Rac1 Ba6 21. g4 Ne3 22. Bxe3 dxe3 23. Qxe3 Qxd3 24. Qxd3 Bxd3 25. Rfe1 Rac8 26. Kg2 h6 27. Kf2 Bc4 28. b3 Bd5 29. Nd4 g5 30. f5 Kg7 31. Red1 h5 32. h4 Kh6 33. hxg5+ Kxg5 34. gxh5 Kxh5 35. f6 Kg5 36. Rg1+ Kf4 37. Rce1 Rh8 38. Ne2+ Kxe5 39. Nc3+ Kxf6 40. Nxd5+ exd5 41. Rg3 Rc2+ 42. Kg1 Rh5 0-1

[Event "Cologne Longerich op-A 12th"]
[Site "Cologne"]
[Date "2015.08.02"]
[Round "5"]
[White "Kuhn, Andreas"]
[Black "Kemper, Horst"]
[Result "1-0"]
[WhiteElo "1938"]
[BlackElo "1782"]
[PlyCount "99"]
[EventDate "2015.07.31"]
[EventType "tourn"]
[EventRounds "5"]
[EventCountry "GER"]
[SourceTitle "EXT 2017"]
[Source "ChessBase"]
[SourceDate "2016.10.25"]
[SourceVersion "1"]
[SourceVersionDate "2016.10.25"]
[SourceQuality "1"]

1. Nf3 g6 2. d4 d5 3. c4 c6 4. cxd5 cxd5 5. Nc3 Nc6 6. g3 Bg7 7. Bg2 Nf6 8. Ne5 0-0 9. 0-0 e6 10. Nxc6 bxc6 11. Na4 Rb8 12. Bf4 Rb5 13. Rc1 Bb7 14. b3 Ba8 15. Qd2 Ne4 16. Qe3 Re8 17. Bh6 Bh8 18. Rfd1 Nd6 19. Bf4 Nf5 20. Qc3 Qa5 21. e3 Qd8 22. Bf1 Ra5 23. Rc2 Rxa4 24. bxa4 g5 25. g4 gxf4 26. gxf5 Qg5+ 27. Kh1 Qxf5 28. exf4 Bf6 29. Qg3+ Kh8 30. Bd3 Qh5 31. Be2 Qf5 32. Rcc1 Rg8 33. Qe3 Bg7 34. Bd3 Qh5 35. Rg1 f5 36. Rg5 Qf7 37. Rcg1 c5 38. h4 c4 39. Bc2 Bc6 40. h5 h6 41. Rg6 Bd7 42. Kg2 Bc8 43. Kf1 Qb7 44. Rxe6 Bxe6 45. Qxe6 Qb2 46. Qxf5 Qc1+ 47. Ke2 Re8+ 48. Kf3 Qa3+ 49. Kg2 Kg8 50. Qxd5+ 1-0